Law, custom, and statute in the Muslim world : studies in honor of Aharon Layish /
This collective volume, in honor of Aharon Layish, deals with the main components in the laws of Islamic societies, past and present: sharīʿa , custom, and statute. Some chapters focus on one of these components, other discuss the interplay between two or even all three of them. The geographical cov...
Other Authors: ,
Format: eBook
Language: English
Published:
Leiden ; Boston :
Brill,
2007.
Series:
Studies in Islamic law and society,
v. 28
Studies in Islamic Law and Society
28.
Middle East and Islamic Studies E-Books Online, Collection 2007, ISBN: 9789004223028.
Subjects:
Online Access: Login to view Source
Tags: Add Tag
Call Number: KBP50 .L39 2007
| LEADER | 04401nam a2200625 i 4500 | ||
|---|---|---|---|
| 001 | BRILL9789047411307 | ||
| 003 | nllekb | ||
| 005 | 20211118222410.0 | ||
| 006 | m d | ||
| 007 | cr un uuuua | ||
| 008 | 060822s2007 ne sb 011 0 eng | ||
| 010 | |a 2006050908 | ||
| 015 | |a GBA679203 |2 bnb | ||
| 016 | 7 | |a 013553170 |2 Uk | |
| 016 | 7 | |a B0617049 |2 bccb | |
| 020 | |a 9789047411307 |q (electronic book) | ||
| 020 | |z 9789004154537 |q (print) | ||
| 024 | 7 | |a 10.1163/ej.9789004154537.i-263 |2 DOI | |
| 035 | |a (OCoLC)71173940 | ||
| 040 | |a NL-LeKB |c NL-LeKB |e rda | ||
| 050 | 4 | |a KBP50 |b .L39 2007 | |
| 082 | 0 | 4 | |a 340.5/9 |2 22 |
| 245 | 0 | 0 | |a Law, custom, and statute in the Muslim world : |b studies in honor of Aharon Layish / |c edited by Ron Shaham. |
| 264 | 1 | |a Leiden ; |a Boston : |b Brill, |c 2007. | |
| 300 | |a 1 online resource. | ||
| 336 | |a text |b txt |2 rdacontent | ||
| 337 | |a computer |b c |2 rdamedia | ||
| 338 | |a online resource |2 rdacarrier | ||
| 440 | 0 | |a Studies in Islamic law and society, |x 1384-1130 ; |v v. 28 | |
| 490 | 0 | |a Brill eBook titles 2007 | |
| 504 | |a Includes bibliographical references (p. [231]-246) and index. | ||
| 505 | 0 | 0 | |t Preliminary material / |r R. Shaham -- |t Chapter One. The Mukhtaíar of Al-Khiraqī and its place in the formation of Ḥanbalī legal doctrine / |r Nimrod Hurvitz -- |t Chapter Two. Law and custom in the Maghrib, 1475-1500: On the disinheritance of women / |r David S. Powers -- |t Chapter Three. Women as expert witnesses in pre-modern islamic courts / |r Ron Shaham -- |t Chapter Four. Qāḍī, Muftī and ruler: Their roles in the development of islamic law / |r Miriam Hoexter -- |t Chapter Five. Ottoman Qāḍīs in DAMASCUS IN THE 16TH-18TH centuries / |r Michael Winter -- |t Chapter Six. Patronage, intervention and violence in the legal process in eighteenth-century Salonica and its province / |r Eyal Ginio -- |t Chapter Seven. Archaic forms of contract in Max Weber's theories and in Arab and Somali customary law / |r Frank H. Stewart -- |t Chapter Eight. Provincial judges: the Sharī'a judiciary of mid-twentieth-century Yemen / |r Brinkley Messick -- |t Chapter Nine. "All of Palestine is holy Muslim Waqf Land": A myth and its roots / |r Yitzhak Reiter -- |t Chapter Ten. Legal reform, interpretive communities and the quest for legitimacy: A contextual analysis of a legal circular / |r Ido Shahar -- |t List of contributors / |r R. Shaham -- |t Bibliography / |r R. Shaham -- |t Index / |r R. Shaham. |
| 506 | 1 | |a Available to subscribing member institutions only. | |
| 520 | |a This collective volume, in honor of Aharon Layish, deals with the main components in the laws of Islamic societies, past and present: sharīʿa , custom, and statute. Some chapters focus on one of these components, other discuss the interplay between two or even all three of them. The geographical coverage of the volume is wide, from the Balkans to Yemen, and from Iraq to the Maghrib. The chapters are based on a variety of sources: fiqh literature, fatwās , court decisions, judicial circulars, biographical dictionaries and chronics. The volume will be of special interest to historians, social scientists and lawyers working on Islamic and Israeli laws, and to those interested in gender studies, the Israeli-Palestinian conflict and Islamic cultures at large. | ||
| 600 | 1 | 7 | |a Layish, Aharon |v Bibliographie. |2 idszbz |
| 600 | 1 | 7 | |a Layiš, Aharôn |2 swd |
| 648 | 7 | |a Geschichte |2 swd | |
| 650 | 1 | 7 | |a Islamitisch recht. |2 gtt |
| 650 | 6 | |a Droit coutumier (Droit islamique) |x Histoire. | |
| 650 | 6 | |a Droit islamique |x Histoire. | |
| 650 | 6 | |a Justice |x Administration (Droit islamique) |x Histoire. | |
| 650 | 7 | |a Islam |x Recht |2 swd | |
| 650 | 7 | |a Islamisches Recht |x Geschichte |v Aufsatzsammlung. |2 idszbz | |
| 650 | 0 | |a Islamic law |x History. | |
| 651 | 7 | |a Islamitische wereld. |2 gtt | |
| 700 | 1 | |a Layish, Aharon, |d 1933- | |
| 700 | 1 | |a Shaham, Ron. | |
| 776 | 0 | |t Law, custom, and statute in the Muslim world |z 9004154531 (hardcover : alk. paper) |z 9789004154537 | |
| 830 | 0 | |a Studies in Islamic Law and Society |v 28. | |
| 830 | 0 | |a Middle East and Islamic Studies E-Books Online, Collection 2007, ISBN: 9789004223028. | |
| 856 | 4 | |z DOI: |u http://dx.doi.org/10.1163/ej.9789004154537.i-263 | |
| 942 | |2 lcc |c EBOOK | ||
| 952 | |0 0 |1 0 |2 lcc |4 0 |7 1 |9 23102 |a BRILL |b BRILL |d 2021-11-18 |l 0 |r 2021-11-18 00:00:00 |w 2021-11-18 |y EBOOK | ||
| 994 | |a C0 |b NEIDC | ||
| 999 | |c 40576 |d 40576 | ||
